Hydraulics and fluid mechanics / (Record no. 1750)
[ view plain ]
| 000 -LEADER | |
|---|---|
| fixed length control field | 00475cam a2200193ua 4500 |
| 041 ## - LANGUAGE CODE | |
| Language code of text/sound track or separate title | eng |
| 082 ## - DEWEY DECIMAL CLASSIFICATION NUMBER | |
| Classification number | 532 |
| Item number | LEW/HY |
| 100 ## - MAIN ENTRY--AUTHOR NAME | |
| Personal name | Lewitt, E.H . |
| 245 ## - TITLE STATEMENT | |
| Title | Hydraulics and fluid mechanics / |
| 250 ## - EDITION STATEMENT | |
| Edition statement | 10 / |
| 260 ## - PUBLICATION, DISTRIBUTION, ETC. (IMPRINT) | |
| Place of publication | : |
| Name of publisher | The English Language book society , |
| Year of publication | 1923. |
| 300 ## - PHYSICAL DESCRIPTION | |
| Number of Pages | 752 : |
| Other physical details | ` ; . |
| 942 ## - ADDED ENTRY ELEMENTS (KOHA) | |
| Koha item type | Books |
| Withdrawn status | Lost status | Damaged status | Home library | Current library | Date acquired | Full call number | Accession Number | Koha item type | Cost, normal purchase price |
|---|---|---|---|---|---|---|---|---|---|
| KAUAET | KAUAET | 07/04/2012 | 532 | 766 | Books | ||||
| KAUAET | KAUAET | 07/04/2012 | 532 | 769 | Books | ||||
| KAUAET | KAUAET | 23/10/2019 | 532 LEW/HY | 767 | Books | ||||
| Withdrawn | Lost | KAUAET | KAUAET | 23/10/2019 | 532 LEW/HY | 768 | Books | 9.50 |
